Encyclopedia of Food Sciences and Nutrition : Volume 7,N-Pre
Saved in:
| Main Author: | |
|---|---|
| Format: | Book |
| Language: | English |
| Published: |
Amsterdam :
Academic Press,
2003
|
| Edition: | 2nd Edition |
| Tags: |
No Tags, Be the first to tag this record!
|
MARC
| LEADER | 00000nam a22000003a 4500 | ||
|---|---|---|---|
| 001 | stu82493 | ||
| 005 | 20150617225638.5 | ||
| 008 | 031118s2003----ne------------------eng-d | ||
| 020 | |a 0-12-227062-2 | ||
| 040 | |a STU |b slo | ||
| 041 | 0 | |a eng | |
| 044 | |a ne | ||
| 080 | |a 641.1(03) | ||
| 100 | 1 | |a Caballero, Benjamin |4 xxx | |
| 245 | 1 | |a Encyclopedia of Food Sciences and Nutrition : |b Volume 7,N-Pre | |
| 250 | |a 2nd Edition | ||
| 260 | |a Amsterdam : |b Academic Press, |c 2003 | ||
| 300 | |a 4109-4772 s. Obr.,tab.,grafy | ||
| 996 | |b C97155 |c C*97155 |l CCXIX |s P |a 0 |w stu82493_0001 | ||